Counties that Start with B - Statistics

General Stats
  • This quiz has been taken 137 times
  • The average score is 72 of 221
Answer Stats
County State % Correct
Brown Illinois | Indiana | Kansas | +6 others
79%
Baker Florida | Georgia | Oregon
61%
Bay Florida | Michigan
61%
Bent Colorado
61%
Billings North Dakota
57%
Benton Arkansas | Indiana | Iowa | +6 others
54%
Bucks Pennsylvania
54%
Burlington New Jersey
54%
Butte California | Idaho | South Dakota
54%
Bell Kentucky | Texas
50%
Bristol Massachusetts | Rhode Island | Virginia
50%
Buchanan Iowa | Missouri | Virginia
50%
Barry Michigan | Missouri
46%
Bee Texas
46%
Bradford Florida | Pennsylvania
46%
Butler Alabama | Iowa | Kansas | +5 others
46%
Baltimore Maryland
43%
Berks Pennsylvania
43%
Barnstable Massachusetts
39%
Bedford Pennsylvania | Tennessee | Virginia
39%
Bergen New Jersey
39%
Berkshire Massachusetts
39%
Boise Idaho
39%
Boone Arkansas | Illinois | Indiana | +5 others
39%
Boulder Colorado
39%
Bradley Arkansas | Tennessee
39%
Brazoria Texas
39%
Brooks Georgia | Texas
39%
Buffalo Nebraska | South Dakota | Wisconsin
39%
Banks Georgia
36%
Banner Nebraska
36%
Barnes North Dakota
36%
Benson North Dakota
36%
Bexar Texas
36%
Brazos Texas
36%
Burke Georgia | North Carolina | North Dakota
36%
Bacon Georgia
32%
Barton Kansas | Missouri
32%
Bartow Georgia
32%
Bastrop Texas
32%
Beaver Oklahoma | Pennsylvania | Utah
32%
Belmont Ohio
32%
Black Hawk Iowa
32%
Bonner Idaho
32%
Bonneville Idaho
32%
Broward Florida
32%
Burt Nebraska
32%
Bailey Texas
29%
Barrow Georgia
29%
Baxter Arkansas
29%
Belknap New Hampshire
29%
Berkeley South Carolina | West Virginia
29%
Berrien Georgia | Michigan
29%
Big Horn Montana | Wyoming
29%
Bingham Idaho
29%
Blaine Idaho | Montana | Nebraska | Oklahoma
29%
Box Elder Utah
29%
Brunswick North Carolina | Virginia
29%
Baca Colorado
25%
Baldwin Alabama | Georgia
25%
Bandera Texas
25%
Barron Wisconsin
25%
Baylor Texas
25%
Bethel Alaska
25%
Bibb Alabama | Georgia
25%
Blackford Indiana
25%
Blair Pennsylvania
25%
Bledsoe Tennessee
25%
Bon Homme South Dakota
25%
Borden Texas
25%
Bourbon Kansas | Kentucky
25%
Brantley Georgia
25%
Brewster Texas
25%
Bronx New York
25%
Brooke West Virginia
25%
Buncombe North Carolina
25%
Bamberg South Carolina
21%
Barbour Alabama | West Virginia
21%
Barnwell South Carolina
21%
Barren Kentucky
21%
Bates Missouri
21%
Beaufort North Carolina | South Carolina
21%
Beauregard Louisiana
21%
Beltrami Minnesota
21%
Bennington Vermont
21%
Bernalillo New Mexico
21%
Bienville Louisiana
21%
Bladen North Carolina
21%
Blanco Texas
21%
Bleckley Georgia
21%
Blount Alabama | Tennessee
21%
Blue Earth Minnesota
21%
Bossier Louisiana
21%
Boundary Idaho
21%
Bowie Texas
21%
Boyd Kentucky | Nebraska
21%
Breathitt Kentucky
21%
Breckinridge Kentucky
21%
Brevard Florida
21%
Briscoe Texas
21%
Broadwater Montana
21%
Brookings South Dakota
21%
Broome New York
21%
Bryan Georgia | Oklahoma
21%
Buckingham Virginia
21%
Bullitt Kentucky
21%
Burleigh North Dakota
21%
Burleson Texas
21%
Butts Georgia
21%
Bannock Idaho
18%
Barber Kansas
18%
Beadle South Dakota
18%
Bear Lake Idaho
18%
Beaverhead Montana
18%
Beckham Oklahoma
18%
Benzie Michigan
18%
Bland Virginia
18%
Bosque Texas
18%
Bottineau North Dakota
18%
Bowman North Dakota
18%
Box Butte Nebraska
18%
Boyle Kentucky
18%
Bracken Kentucky
18%
Branch Michigan
18%
Bristol Bay Alaska
18%
Buena Vista Iowa | Virginia
18%
Bulloch Georgia
18%
Burnet Texas
18%
Ballard Kentucky
14%
Baraga Michigan
14%
Bartholomew Indiana
14%
Bath Kentucky | Virginia
14%
Becker Minnesota
14%
Bennett South Dakota
14%
Bertie North Carolina
14%
Bollinger Missouri
14%
Bond Illinois
14%
Braxton West Virginia
14%
Bremer Iowa
14%
Broomfield Colorado
14%
Bullock Alabama
14%
Bureau Illinois
14%
Bayfield Wisconsin
11%
Benewah Idaho
11%
Ben Hill Georgia
11%
Big Stone Minnesota
11%
Bolivar Mississippi
11%
Botetourt Virginia
11%
Brule South Dakota
11%
Burnett Wisconsin
7%
No matching quizzes found
Score Distribution
Percent of People with Each Score
Percentile by Number Answered
Your Score History
You have not taken this quiz